Neidio i'r cynnwys

Специфика заданий и задачных конструкций информационного контента образовательного Web-квеста по математике

В монографии раскрываются теоретические основы построения информационного контента тематического образовательного Web-квеста по математике, описываются дидактические возможности и организационно-методические предпосылки использования тематических образовательных Web-квестов при обучении математике,...

Disgrifiad llawn

Wedi'i Gadw mewn:
Manylion Llyfryddiaeth
Prif Awdur: Миронова С. В.
Awduron Eraill: Напалков С. В.
Fformat: Книга
Iaith:Russian
Cyhoeddwyd: Санкт-Петербург Лань 2022
Rhifyn:2-е изд., испр. и доп.
Mynediad Ar-lein:https://e.lanbook.com/book/212552
https://e.lanbook.com/img/cover/book/212552.jpg
Tagiau: Ychwanegu Tag
Dim Tagiau, Byddwch y cyntaf i dagio'r cofnod hwn!
LEADER 03284nam0a2200265 i 4500
001 212552
003 RuSpLAN
005 20221220174147.0
008 221220s2022 ru gs 000 0 rus
020 |a 978-5-8114-2732-1 
040 |a RuSpLAN 
041 0 |a rus 
044 |a ru 
245 0 0 |a Специфика заданий и задачных конструкций информационного контента образовательного Web-квеста по математике  |c Миронова С. В.,Напалков С. В. 
250 |a 2-е изд., испр. и доп. 
260 |a Санкт-Петербург  |b Лань  |c 2022 
300 |a 104 с. 
504 |a Библиогр.: доступна в карточке книги, на сайте ЭБС Лань 
520 8 |a В монографии раскрываются теоретические основы построения информационного контента тематического образовательного Web-квеста по математике, описываются дидактические возможности и организационно-методические предпосылки использования тематических образовательных Web-квестов при обучении математике, определяются основные компоненты содержания информационного контента Web-квеста, а также приводится общая структура тематического образовательного Web-квеста по математике. Описаны особенности заданий и задачных конструкций информационного контента тематического образовательного Web-квеста по математике: содержательная специфика поисково-познавательных заданий тематического образовательного Web-квеста, виды задачных конструкций для наполнения его информационного контента, требования к построению заданий и задачных конструкций информационного контента тематического образовательного Web-квеста по математике, методические рекомендации по их составлению и использованию. Адресуется специалистам в области теории обучения математике, учителям математики общеобразовательных и специальных школ, студентам, аспирантам и преподавателям педагогических вузов. 
521 8 |a Книга из коллекции Лань - Математика 
100 1 |a Миронова С. В. 
700 1 |a Напалков С. В. 
856 4 |u https://e.lanbook.com/book/212552 
856 4 8 |u https://e.lanbook.com/img/cover/book/212552.jpg 
953 |a https://e.lanbook.com/img/cover/book/212552.jpg